All Wisp Songs (2025) - Statistics

General Stats
  • This quiz has been taken 15 times
    13 since last reset
  • The average score is 20 of 23
Answer Stats
Songs % Correct
All i need
100%
Black swan
100%
Get back to me
100%
If not winter
100%
Latvia
100%
Mesmerized
100%
Mimi
100%
Pandora
100%
Serpentine
100%
Sword
100%
Tangled dreams
100%
Your face
100%
After dark
83%
Enough for you
83%
Guide light
83%
I remember how your hands felt on mine
83%
Luna
83%
Once then we'll be free
83%
Save me now
83%
See you soon
83%
Yellow
83%
Breathe onto me
67%
It Gets Easier
17%
No matching quizzes found
Score Distribution
Percent of People with Each Score
Percentile by Number Answered
Your Score History
You have not taken this quiz since the last reset